000 00318nam a2200133 a 4500
008 141008s2006|||| d
100 1 _aKačala, Ján
245 1 0 _aSlovenčina v literárnej praxi
260 _bMartin
_aMatica slovenská
_c2006
020 _c6,57
041 _aslo
044 _axo
_cSK
958 _aAPR
999 _c20466
_d20466